000 00297nam a2200145Ia 4500
100 _aO''''Neil Joseph
942 _cBK
654 _aC
245 _aTeach yourself Java
260 _bTata Mc Graw hill
_c1999
082 _a005.133'J'
_b'O'N
300 _a707
546 _aENGLISH
999 _c27462
_d27462